Mars Quiz - Statistiken

Allgemein
  • Dieses Quiz wurde 186 mal gespielt
    162 seit der letzten Aktualisierung
  • Das Durchschnittsergebnis liegt bei 8 aus 15
Antwortstatistiken
Hint Antwort % Korrekt
Nachbarplaneten Erde
99%
Farbe des Bodens rot
96%
Nachbarplaneten Jupiter
95%
Multimilliadär, welcher mit privatem Unternehmen den Mars besiedeln will Elon Musk
76%
Planet, auf welchem es außer dem Mars und der Erde Sauerstoff gibt Merkur
69%
Wie heißt sein Unternehmen? SpaceX
66%
Nach welchem römischen Gott wurde der Mars benannt? des Krieges
64%
Name der Monde Phobos
41%
Name der Monde Deimos
38%
Aus welchen zwei Gründen ist das Wasser auf dem Marsnicht flüssig, sondern gefroren? Kälte
38%
Aus welchen zwei Gründen ist das Wasser auf dem Marsnicht flüssig, sondern gefroren? Atmosphäre
31%
Was haben neben Vulkanen auf dem Mars die Oberfläche geformt, welche auf der Erde in der Atomsphäre verglühen? Meteoriten
30%
Höchster Berg Olympus Mons
30%
Wie hoch ist dieser Berg in km? 26
27%
Mars in Italienisch und Spanisch Marte
9%
Keine übereinstimmenden Quizze gefunden
Verteilung der Resultate
Anzahl Personen mit jedem Resultat
Perzentil nach korrekt beantworteten Fragen
Ihre Resultats-Entwicklung
Sie haben dieses Quiz seit der letzten Aktualisierung nicht gespielt